| 000 | 00380nam a2200157Ia 4500 | ||
|---|---|---|---|
| 008 | 230516s9999 xx 000 0 und d | ||
| 041 | _aeng | ||
| 082 |
_a541.3 _bGAU |
||
| 100 | _aGAUD R.S | ||
| 245 | _aPRACTICAL PHYSICAL PHARMACY | ||
| 260 |
_bC.B.S. PUBLISHERS & DISTRUTORS _c2001 |
||
| 300 | _a230 | ||
| 500 | _aPB | ||
| 520 | _aPHYP | ||
| 650 | _aPHYSICAL PHARMACEUTICS | ||
| 999 |
_c363543 _d363543 |
||